Kultúra és szocializmus a pályakezdő Gramsci filozófiájában

Elmentve itt :
Bibliográfiai részletek
Szerző: Szabó Tibor
Dokumentumtípus: Cikk
Megjelent: 1976
Sorozat:Acta Universitatis Szegediensis : sectio philosophica 17
Kulcsszavak:Filozófia
Tárgyszavak:
Online Access:http://acta.bibl.u-szeged.hu/2501
LEADER 00736nab a2200205 i 4500
001 acta2501
005 20260123135018.0
008 161015s1976 hu o 000 hun d
022 |a 0231-2670 
040 |a SZTE Egyetemi Kiadványok Repozitórium  |b hun 
041 |a hun 
100 1 |a Szabó Tibor 
245 1 0 |a Kultúra és szocializmus a pályakezdő Gramsci filozófiájában  |h [elektronikus dokumentum] /  |c  Szabó Tibor 
260 |c 1976 
300 |a 73-87 
490 0 |a Acta Universitatis Szegediensis : sectio philosophica  |v 17 
650 4 |a Bölcsészettudományok 
650 4 |a Filozófia, etika és vallástudományok 
695 |a Filozófia 
856 4 0 |u http://acta.bibl.u-szeged.hu/2501/1/philosophica_017_073-087.pdf  |z Dokumentum-elérés